00538nam a2200181Ia 450000500170000000800410001702000160005808200150007410000230008924500510011226000300016330000190019365000140021265000120022694200060023895200970024499900150034120240520052500.0240331s9999 xx 000 0 und d a 0415906547 bGOTa335.4 aGottlieb, s. Roger 0aMarxism 1844-1990 :borigins, betrayal,rebirth aNew YorkbRoutledgec1992 axvii, 248 p ., aSocialism aHistory cL 001040708LaWERCLbWERCLcSSCd2024-03-31l0o 335.4 GOTp3842r2024-03-31w2024-03-31yL c2767d2767